| 000 | 00759nam a22001937a 4500 | ||
|---|---|---|---|
| 999 |
_c180645 _d180645 |
||
| 005 | 20210813105059.0 | ||
| 010 | _aB-741103 | ||
| 020 |
_a9789384925253 _c400.00 |
||
| 035 | _aB-741103 | ||
| 037 | _bShivalik Publications | ||
| 082 | _a920 | ||
| 100 | _aParashar, Riddhi | ||
| 245 |
_aThree great warriors : _bTipu Sultan/Bhagat Singh/Shivaji / _cby Riddhi Parashar |
||
| 260 |
_aDelhi _bShivalik Publications _c2020 |
||
| 270 |
_a21-D, Pocket-I, New Kondli, MIG Flats, Mayur Vihar, Phase-3 _bDelhi _e110096 |
||
| 300 |
_a158p.: _c22cm(Hb) _bill. |
||
| 942 |
_2ddc _cEN _h920 _mPAR |
||